| 000 | 00746nam a22002177a 4500 | ||
|---|---|---|---|
| 003 | OSt | ||
| 005 | 20180118145253.0 | ||
| 008 | 180118b xxu||||| |||| 00| 0 eng d | ||
| 020 | _a9781259860713 | ||
| 040 | _c040a | ||
| 082 |
_aWB 141 _bE35c 2017 |
||
| 100 |
_aEsherick, Joseph S. _912359 |
||
| 245 |
_aCurrent practice guidelines in primary care 2017 : _bconcise summaries of the latest disease-screening, prevention and management guidelines / _cJoseph S. Esherick, Evan D. Slater, Jacob A.David |
||
| 260 |
_aNew York _bMcGraw Hill _c2017 |
||
| 300 |
_axii, 593p; _bill : _c16 cm. |
||
| 504 | _aIncludes index. | ||
| 650 |
_aPrimary care _94808 |
||
| 700 |
_aSlater, Evan D. _912360 |
||
| 700 |
_aDavid, Jacob A. _912361 |
||
| 942 |
_2z _cO_SHELF |
||
| 999 |
_c5956 _d5956 |
||